000 00637nam a2200205Ia 4500
003 GCL
008 140319s9999 xx 000 0 ara d
040 _aGCL /
_cGCL
082 0 4 _a371.42
_bص.م
100 1 _aصفوت محمود درويش
245 1 0 _aمكافحة المخدرات بالتربية والتعليم /
_cصفوت محمود درويش
260 _a[S.N] :
_bمكتبه النهضه المصريه ،
_c1989
300 _a139 ص
490 _a
650 0 4 _aالتربية
650 0 4 _aالاطفال
650 0 4 _aمكافحة المخدرات
650 0 4 _aالتوجية التربوى
942 _2ddc
_cBK
999 _c54284
_d54284